000 00854nam a22002537a 4500
001 292
003 BD-RjUL
005 20211208233142.0
008 131117r20071991ii a|||| |||| 001 0 eng d
020 _a9788173197024
035 _a(BD-RjUL)309
040 _aBD-RjUL
_beng
_cBD-RjUL
_dBD-RjUL
041 _aeng
082 0 4 _221
_a005.1
_bJAI 2007
100 1 _aJalote, Pankaj
_9921
245 1 3 _aAn integrated approach to software engineering /
_cPankaj Jalote.
250 _a3rd ed.
260 _aNew Delhi ; Kolkata :
_bNarosa publishing house,
_cc2005 [Reprinted 2007].
300 _axiii, 495 p :
_bill. ;
_c25 cm.
504 _aInclude index.
650 _2SLSH
_aSoftware engineering.
_9922
856 4 _3World Cat
_uhttp://www.worldcat.org/title/integrated-approach-to-software-engineering/oclc/818810200&referer=brief_results
942 _2ddc
_cBK
999 _c292
_d292